| 000 | 00898nam a22003017a 4500 | ||
|---|---|---|---|
| 001 | 7652 | ||
| 003 | FISKH | ||
| 005 | 20250729154350.0 | ||
| 008 | 250729b cb ||||| |||| 00| 0 eng d | ||
| 020 | _a9781406329803 | ||
| 040 |
_aFISKH _beng _cFISKH _dFISKH |
||
| 050 | _aPZ7 | ||
| 082 | _a823.914 | ||
| 100 | _aDoherty, Berlie | ||
| 245 |
_aRumpelstiltskin / _cBy Berlie Doherty : Illustrated by Jane Ray |
||
| 250 | _aThis edition published 2010 | ||
| 260 |
_aLondon : _bWalker Books , _c2000. |
||
| 300 |
_a27 pages : _bcolor illustrations ; _c22 cm . |
||
| 505 | _aK | ||
| 520 | _aThis text is an illustrated retelling of the classic fairy tale. | ||
| 521 | 8 |
_a510
_bLexile estimate |
|
| 521 | 8 |
_aK
_bRaz-Plus |
|
| 650 |
_aRumpelstiltskin _vFiction |
||
| 650 |
_aWeavers _vFiction |
||
| 700 |
_aRay, Jane _eIllustrator |
||
| 942 |
_2ddc _cBK _n0 |
||
| 999 |
_c7652 _d7652 |
||